<?xml version="1.0" encoding="UTF-8"?>
<collection xmlns="http://www.loc.gov/MARC21/slim">
 <record>
  <leader>01667nam a22002655a 4500</leader>
  <controlfield tag="001">CEM.cems021228</controlfield>
  <controlfield tag="008">240618s2019####ag############000#0#und#d</controlfield>
  <controlfield tag="005">20240618145240.0</controlfield>
  <datafield tag="245" ind1="1" ind2="0">
   <subfield code="a">La cautiva. El matadero /</subfield>
   <subfield code="c">Esteban Echeverría ; ilustrado por Oscar Capristo.</subfield>
  </datafield>
  <datafield tag="250" ind1=" " ind2=" ">
   <subfield code="a">7a ed.</subfield>
  </datafield>
  <datafield tag="260" ind1=" " ind2=" ">
   <subfield code="a">Buenos Aires :</subfield>
   <subfield code="b">Salim,</subfield>
   <subfield code="c">2019.</subfield>
  </datafield>
  <datafield tag="300" ind1=" " ind2=" ">
   <subfield code="a">112 p.</subfield>
  </datafield>
  <datafield tag="490" ind1="1" ind2=" ">
   <subfield code="a">Grandes lecturas</subfield>
  </datafield>
  <datafield tag="520" ind1=" " ind2=" ">
   <subfield code="a">La cautiva es un extenso poema de más de 2100 versos que cuenta la fallida epopeya de María por rescatar a su marido Brian, un capitán del Ejército de la Independencia capturado, como ella, por un malón en el desierto argentino. Echeverría construye una obra al fin puramente nacional, tanto en el lenguaje como en el tratamiento de temas políticos y sociales. El matadero funda la literatura argentina con la violación de un opositor. La ficción deja que &quot;los bárbaros&quot; actúen, hablen, sean; &quot;el culto&quot; solo se defiende con lo que tiene: palabras. Escrito en 1838, permaneció inédito hasta 1874, cuando José María Gutiérrez lo rescató entre los papeles póstumos del autor.</subfield>
  </datafield>
  <datafield tag="020" ind1=" " ind2=" ">
   <subfield code="a">9789871784110</subfield>
  </datafield>
  <datafield tag="100" ind1="1" ind2=" ">
   <subfield code="a">Echeverría, Esteban.</subfield>
  </datafield>
  <datafield tag="700" ind1="1" ind2=" ">
   <subfield code="a">Capristo, Oscar.</subfield>
  </datafield>
  <datafield tag="653" ind1=" " ind2=" ">
   <subfield code="a">Literatura argentina</subfield>
  </datafield>
  <datafield tag="653" ind1=" " ind2=" ">
   <subfield code="a">Literatura gauchesca</subfield>
  </datafield>
  <datafield tag="653" ind1=" " ind2=" ">
   <subfield code="a">Romanticismo argentino</subfield>
  </datafield>
  <datafield tag="859" ind1=" " ind2=" ">
   <subfield code="a">CEMS</subfield>
   <subfield code="b">BIB. CEMS - 11 de abril</subfield>
   <subfield code="h">A861.2</subfield>
   <subfield code="i">Ec42-5</subfield>
   <subfield code="p">29472.24</subfield>
   <subfield code="t">Ej.1</subfield>
  </datafield>
  <datafield tag="859" ind1=" " ind2=" ">
   <subfield code="a">CEMS</subfield>
   <subfield code="b">BIB. CEMS - 11 de abril</subfield>
   <subfield code="h">A861.2</subfield>
   <subfield code="i">Ec42-5</subfield>
   <subfield code="p">29473.24</subfield>
   <subfield code="t">Ej.2</subfield>
  </datafield>
  <datafield tag="859" ind1=" " ind2=" ">
   <subfield code="a">CEMS</subfield>
   <subfield code="b">BIB. CEMS - 11 de abril</subfield>
   <subfield code="h">A861.2</subfield>
   <subfield code="i">Ec42-5</subfield>
   <subfield code="p">29474.24</subfield>
   <subfield code="t">Ej.3</subfield>
  </datafield>
  <datafield tag="859" ind1=" " ind2=" ">
   <subfield code="a">CEMS</subfield>
   <subfield code="b">BIB. CEMS - 11 de abril</subfield>
   <subfield code="h">A861.2</subfield>
   <subfield code="i">Ec42-5</subfield>
   <subfield code="p">29475.24</subfield>
   <subfield code="t">Ej.4</subfield>
  </datafield>
  <datafield tag="859" ind1=" " ind2=" ">
   <subfield code="a">CEMS</subfield>
   <subfield code="b">BIB. CEMS - 11 de abril</subfield>
   <subfield code="h">A861.2</subfield>
   <subfield code="i">Ec42-5</subfield>
   <subfield code="p">29476.24</subfield>
   <subfield code="t">Ej.5</subfield>
  </datafield>
 </record>
</collection>
